[Event "DEM U16 2023"]
[Site "Willingen GER"]
[Date "2023.06.02"]
[Round "8"]
[White "Sidletskyi, Ivan"]
[Black "Möller, Maurin"]
[Result "1-0"]
[Termination "normal"]
[Board "1"]
[WhiteTitle "CM"]
[WhiteElo "2152"]
[BlackElo "2140"]
[WhiteClock "01:00:16"]
[BlackClock "00:25:53"]
[PlyCount "53"]
[WhiteFideId "14156024"]
[BlackFideId "16265696"]
[EventCountry "GER"]
[EventRounds "9"]
[EventType "swiss"]
[EventDate "2023.05.27"]

1. e4 {[%emt 0:03:04]} c5 {[%emt 0:00:09]} 2. Nf3 {[%emt 0:00:09]} Nc6 {[%emt
0:00:31]} 3. Bb5 {[%emt 0:01:03]} d5 {[%emt 0:00:33]} 4. exd5 {[%emt 0:16:37]}
Qxd5 {[%emt 0:00:37]} 5. Nc3 {[%emt 0:02:04]} Qe6+ {[%emt 0:01:23]} 6. Be2
{[%emt 0:02:33]} Nf6 {[%emt 0:18:02]} 7. O-O {[%emt 0:02:46]} a6 {[%emt
0:07:37]} 8. d4 {[%emt 0:01:55]} cxd4 {[%emt 0:01:15]} 9. Nxd4 {[%emt 0:00:32]}
Qd6 {[%emt 0:05:42]} 10. Nxc6 {[%emt 0:00:47]} Qxc6 {[%emt 0:01:04]} 11. Bf3
{[%emt 0:00:18]} Qc4 {[%emt 0:05:23]} 12. Bg5 {[%emt 0:02:27]} Bg4 {[%emt
0:25:16]} 13. Bxf6 {[%emt 0:02:29]} Bxf3 {[%emt 0:00:04]} 14. Qxf3 {[%emt
0:00:30]} gxf6 {[%emt 0:00:14]} 15. Qxb7 {[%emt 0:00:18]} Qc8 {[%emt 0:00:34]}
16. Qe4 {[%emt 0:00:39]} Ra7 {[%emt 0:04:12]} 17. Rad1 {[%emt 0:09:18]} Bg7 18.
Qd4 {[%emt 0:05:01]} Qa8 {[%emt 0:02:15]} 19. Qa4+ {[%emt 0:01:26]} Kf8 {[%emt
0:00:07]} 20. Rd3 Rb7 21. Rfd1 Rb8 22. Qa5 Bh6 23. Nd5 Rg8 24. g3 Kg7 25. Nxe7
Rb5 26. Qc7 Re8 27. Rd8 {normal} 1-0

[Event "DEM U16 2023"]
[Site "Willingen GER"]
[Date "2023.06.02"]
[Round "8"]
[White "Bashirov, Kemal"]
[Black "Petrovskiy, Vadim"]
[Result "1/2-1/2"]
[Termination "normal"]
[Board "2"]
[BlackTitle "IM"]
[WhiteElo "2197"]
[BlackElo "2417"]
[WhiteClock "00:45:28"]
[BlackClock "00:44:24"]
[PlyCount "127"]
[WhiteFideId "14183650"]
[BlackFideId "14165210"]
[EventCountry "GER"]
[EventRounds "9"]
[EventType "swiss"]
[EventDate "2023.05.27"]

1. e4 {[%emt 0:00:01]} c5 {[%emt 0:00:05]} 2. Nf3 {[%emt 0:00:04]} d6 {[%emt
0:00:04]} 3. Nc3 {[%emt 0:00:05]} Nf6 {[%emt 0:00:11]} 4. e5 {[%emt 0:00:04]}
dxe5 {[%emt 0:01:04]} 5. Nxe5 {[%emt 0:00:04]} Qd6 {[%emt 0:00:05]} 6. Bb5+
{[%emt 0:02:14]} Nbd7 {[%emt 0:06:21]} 7. Qe2 {[%emt 0:00:05]} a6 {[%emt
0:01:28]} 8. Bxd7+ {[%emt 0:00:04]} Nxd7 {[%emt 0:03:38]} 9. Nc4 {[%emt
0:00:04]} Qc6 {[%emt 0:00:42]} 10. a4 {[%emt 0:00:08]} b6 {[%emt 0:08:21]} 11.
d3 {[%emt 0:03:04]} e6 {[%emt 0:00:44]} 12. f4 {[%emt 0:05:44]} Bb7 {[%emt
0:01:22]} 13. O-O {[%emt 0:02:10]} g6 {[%emt 0:02:47]} 14. Ne5 {[%emt 0:03:04]}
Qc7 {[%emt 0:06:55]} 15. Ne4 {[%emt 0:10:22]} Be7 {[%emt 0:19:50]} 16. Bd2
{[%emt 0:25:44]} f5 {[%emt 0:13:31]} 17. Nxd7 {[%emt 0:06:01]} Kxd7 {[%emt
0:00:17]} 18. Nf2 {[%emt 0:07:25]} Bd6 {[%emt 0:00:51]} 19. Nh3 {[%emt
0:06:30]} e5 {[%emt 0:04:42]} 20. Bc3 {[%emt 0:01:35]} Rhe8 {[%emt 0:00:37]}
21. fxe5 {[%emt 0:01:07]} Bxe5 {[%emt 0:00:11]} 22. Bxe5 {[%emt 0:00:26]} Rxe5
{[%emt 0:00:13]} 23. Qf2 {[%emt 0:00:09]} Rae8 {[%emt 0:00:12]} 24. Nf4 {[%emt
0:01:15]} g5 {[%emt 0:05:11]} 25. d4 {[%emt 0:03:20]} cxd4 {[%emt 0:02:35]} 26.
Nd3 {[%emt 0:00:07]} Re2 {[%emt 0:04:26]} 27. Qxf5+ {[%emt 0:00:58]} Kd8 {[%emt
0:00:04]} 28. Qxg5+ {[%emt 0:02:08]} Kc8 {[%emt 0:00:36]} 29. Rf2 {[%emt
0:01:03]} Rxf2 {[%emt 0:00:38]} 30. Nxf2 {[%emt 0:00:42]} Kb8 {[%emt 0:01:50]}
31. Qg3 {[%emt 0:03:11]} Qxg3 {[%emt 0:00:44]} 32. hxg3 {[%emt 0:00:03]} Re2
{[%emt 0:00:02]} 33. Rd1 {[%emt 0:05:42]} Rxc2 {[%emt 0:00:08]} 34. Rxd4 {[%emt
0:00:03]} Rxb2 {[%emt 0:00:05]} 35. Rh4 {[%emt 0:00:03]} a5 {[%emt 0:01:59]}
36. Rxh7 {[%emt 0:02:25]} b5 {[%emt 0:00:06]} 37. Rh5 {[%emt 0:02:36]} bxa4
{[%emt 0:01:01]} 38. Rxa5 {[%emt 0:00:03]} Bc6 {[%emt 0:00:05]} 39. Nd3 {[%emt
0:04:43]} Rxg2+ {[%emt 0:02:22]} 40. Kf1 {[%emt 0:00:04]} Rxg3 {[%emt 0:00:06]}
41. Nb4 {[%emt 0:08:57]} Bd7 {[%emt 0:00:49]} 42. Ke1 {[%emt 0:02:16]} Kb7
{[%emt 0:00:25]} 43. Kd2 {[%emt 0:02:16]} Kb6 {[%emt 0:00:09]} 44. Re5 {[%emt
0:04:35]} a3 {[%emt 0:01:47]} 45. Re3 {[%emt 0:03:22]} Rg2+ {[%emt 0:01:58]}
46. Re2 {[%emt 0:03:17]} Rg4 {[%emt 0:00:08]} 47. Nc2 {[%emt 0:07:15]} a2
{[%emt 0:01:31]} 48. Kc3 {[%emt 0:01:13]} Bc6 {[%emt 0:00:11]} 49. Kb2 {[%emt
0:01:54]} Ra4 {[%emt 0:01:04]} 50. Re3 {[%emt 0:01:07]} Bd5 {[%emt 0:00:25]}
51. Ra3 {[%emt 0:02:46]} Rh4 {[%emt 0:00:01]} 52. Rxa2 {[%emt 0:01:38]} Bxa2
{[%emt 0:00:06]} 53. Kxa2 {[%emt 0:00:02]} Rh3 {[%emt 0:00:05]} 54. Kb2 {[%emt
0:00:05]} Kc5 {[%emt 0:00:05]} 55. Na3 {[%emt 0:00:21]} Kb4 {[%emt 0:00:04]}
56. Nb1 {[%emt 0:00:18]} Rh2+ {[%emt 0:00:06]} 57. Kc1 {[%emt 0:00:03]} Kb3
{[%emt 0:00:06]} 58. Nd2+ {[%emt 0:00:03]} Kc3 {[%emt 0:00:04]} 59. Nb1+ {[%emt
0:00:16]} Kd3 {[%emt 0:00:02]} 60. Na3 {[%emt 0:00:12]} Ra2 {[%emt 0:01:45]}
61. Nb1 {[%emt 0:00:07]} Rc2+ {[%emt 0:00:09]} 62. Kd1 {[%emt 0:01:06]} Rb2
{[%emt 0:00:16]} 63. Kc1 {[%emt 0:00:08]} Rxb1+ {[%emt 0:05:21]} 64. Kxb1
{[%emt 0:00:04]} 1/2-1/2

[Event "DEM U16 2023"]
[Site "Willingen GER"]
[Date "2023.06.02"]
[Round "8"]
[White "von Mettenheim, Johannes"]
[Black "Foerster-Yialamas, Lucas"]
[Result "1-0"]
[Termination "normal"]
[Board "3"]
[BlackTitle "CM"]
[WhiteElo "2329"]
[BlackElo "2151"]
[WhiteClock "00:43:33"]
[BlackClock "00:49:25"]
[PlyCount "75"]
[WhiteFideId "16244818"]
[BlackFideId "30901774"]
[EventCountry "GER"]
[EventRounds "9"]
[EventType "swiss"]
[EventDate "2023.05.27"]

1. d4 {[%emt 0:00:04]} Nf6 {[%emt 0:00:01]} 2. c4 {[%emt 0:00:09]} g6 {[%emt
0:00:01]} 3. Nc3 {[%emt 0:00:07]} d5 {[%emt 0:00:03]} 4. Nf3 {[%emt 0:00:27]}
Bg7 {[%emt 0:00:01]} 5. h3 {[%emt 0:00:13]} O-O {[%emt 0:08:50]} 6. cxd5 {[%emt
0:00:06]} Nxd5 {[%emt 0:00:11]} 7. e4 {[%emt 0:00:06]} Nxc3 {[%emt 0:00:17]} 8.
bxc3 {[%emt 0:00:26]} c5 {[%emt 0:00:20]} 9. Be2 {[%emt 0:00:31]} Nc6 {[%emt
0:00:31]} 10. Be3 {[%emt 0:00:27]} Qa5 {[%emt 0:02:08]} 11. O-O {[%emt
0:01:00]} Rd8 {[%emt 0:01:18]} 12. d5 {[%emt 0:12:49]} e6 {[%emt 0:10:42]} 13.
c4 {[%emt 0:02:13]} f5 {[%emt 0:11:19]} 14. exf5 {[%emt 0:11:30]} gxf5 {[%emt
0:05:50]} 15. Bg5 {[%emt 0:09:05]} Rd6 {[%emt 0:01:58]} 16. Bf4 {[%emt
0:06:58]} e5 {[%emt 0:01:47]} 17. Bh2 {[%emt 0:08:17]} f4 {[%emt 0:04:21]} 18.
Bd3 {[%emt 0:01:24]} Nd8 {[%emt 0:17:22]} 19. Qc2 {[%emt 0:03:47]} h6 {[%emt
0:01:48]} 20. Rae1 {[%emt 0:01:39]} Nf7 {[%emt 0:02:10]} 21. Bh7+ {[%emt
0:02:56]} Kh8 {[%emt 0:01:25]} 22. Bxf4 {[%emt 0:00:59]} Bxh3 {[%emt 0:03:44]}
23. Bd2 {[%emt 0:01:35]} Qc7 {[%emt 0:01:27]} 24. gxh3 {[%emt 0:00:18]} Qe7
{[%emt 0:01:07]} 25. Bf5 {[%emt 0:04:05]} Rf8 {[%emt 0:00:21]} 26. Kh2 {[%emt
0:04:12]} Rf6 {[%emt 0:00:46]} 27. Nh4 {[%emt 0:03:28]} Qd6 {[%emt 0:00:13]}
28. Qe4 {[%emt 0:01:21]} Re8 {[%emt 0:00:50]} 29. Be6 {[%emt 0:05:49]} Rexe6
{[%emt 0:01:04]} 30. dxe6 {[%emt 0:00:08]} Qxd2 {[%emt 0:00:07]} 31. exf7
{[%emt 0:02:41]} Rxf2+ {[%emt 0:00:09]} 32. Ng2 {[%emt 0:02:01]} a5 {[%emt
0:01:29]} 33. Rxf2 {[%emt 0:01:58]} Qxf2 {[%emt 0:00:03]} 34. Qd5 {[%emt
0:00:08]} h5 {[%emt 0:01:38]} 35. Qd8+ {[%emt 0:01:04]} Kh7 {[%emt 0:00:02]}
36. Qd3+ {[%emt 0:00:13]} Kh8 {[%emt 0:00:13]} 37. Rf1 {[%emt 0:00:06]} e4
{[%emt 0:00:09]} 38. Qd8+ {[%emt 0:00:07]} 1-0

[Event "DEM U16 2023"]
[Site "Willingen GER"]
[Date "2023.06.02"]
[Round "8"]
[White "Metzdorf, Matteo"]
[Black "Heinrich, John"]
[Result "0-1"]
[Termination "normal"]
[Board "4"]
[WhiteElo "2099"]
[BlackElo "2150"]
[WhiteClock "00:58:03"]
[BlackClock "00:31:29"]
[PlyCount "128"]
[WhiteFideId "16209869"]
[BlackFideId "16259491"]
[EventCountry "GER"]
[EventRounds "9"]
[EventType "swiss"]
[EventDate "2023.05.27"]

1. e4 {[%emt 0:00:04]} c5 {[%emt 0:00:05]} 2. Nf3 {[%emt 0:00:13]} d6 {[%emt
0:00:11]} 3. d4 {[%emt 0:00:16]} cxd4 {[%emt 0:00:06]} 4. Nxd4 {[%emt 0:00:06]}
Nf6 {[%emt 0:00:04]} 5. f3 {[%emt 0:00:31]} e5 {[%emt 0:02:06]} 6. Nb3 {[%emt
0:00:41]} Be7 {[%emt 0:00:58]} 7. c4 {[%emt 0:00:36]} a5 {[%emt 0:00:17]} 8.
Be3 {[%emt 0:01:31]} a4 {[%emt 0:00:27]} 9. N3d2 {[%emt 0:02:44]} Qa5 {[%emt
0:00:40]} 10. Nc3 {[%emt 0:02:06]} O-O {[%emt 0:01:34]} 11. Be2 {[%emt
0:04:04]} Bd8 {[%emt 0:04:01]} 12. O-O {[%emt 0:03:52]} Bb6 {[%emt 0:06:30]}
13. Bf2 {[%emt 0:01:05]} Bxf2+ {[%emt 0:08:01]} 14. Rxf2 {[%emt 0:00:49]} Nc6
{[%emt 0:06:44]} 15. Nb5 {[%emt 0:10:35]} Rd8 {[%emt 0:04:08]} 16. Nb1 {[%emt
0:11:12]} Nd7 {[%emt 0:31:09]} 17. Bf1 {[%emt 0:29:40]} Nb6 {[%emt 0:05:54]}
18. N1c3 {[%emt 0:11:18]} Be6 {[%emt 0:01:58]} 19. Nd5 {[%emt 0:00:40]} Bxd5
{[%emt 0:03:10]} 20. cxd5 {[%emt 0:01:54]} Na7 {[%emt 0:00:45]} 21. Na3 {[%emt
0:04:54]} Rdc8 {[%emt 0:04:25]} 22. Rc1 {[%emt 0:00:45]} Rc5 {[%emt 0:01:57]}
23. Rxc5 {[%emt 0:01:47]} Qxc5 {[%emt 0:00:05]} 24. Qc2 {[%emt 0:00:12]} Rc8
{[%emt 0:07:52]} 25. Qxc5 {[%emt 0:00:31]} Rxc5 {[%emt 0:00:01]} 26. Rc2 {[%emt
0:00:16]} Nd7 {[%emt 0:01:21]} 27. b4 {[%emt 0:08:01]} axb3 {[%emt 0:00:46]}
28. axb3 {[%emt 0:00:01]} Rxc2 {[%emt 0:02:03]} 29. Nxc2 {[%emt 0:00:01]} g6
{[%emt 0:01:10]} 30. g3 {[%emt 0:02:22]} Kg7 {[%emt 0:00:39]} 31. Kf2 {[%emt
0:00:34]} Nc5 {[%emt 0:01:16]} 32. b4 {[%emt 0:00:09]} Na4 {[%emt 0:00:13]} 33.
Ke3 {[%emt 0:01:10]} f5 {[%emt 0:00:14]} 34. Na3 {[%emt 0:01:21]} fxe4 {[%emt
0:01:07]} 35. fxe4 {[%emt 0:00:06]} Nc3 {[%emt 0:00:19]} 36. Nc4 {[%emt
0:01:40]} Nab5 {[%emt 0:04:37]} 37. Na5 {[%emt 0:00:08]} b6 {[%emt 0:00:50]}
38. Nc4 {[%emt 0:00:21]} Nd1+ {[%emt 0:00:36]} 39. Ke2 {[%emt 0:01:02]} Ndc3+
{[%emt 0:00:13]} 40. Ke3 {[%emt 0:00:35]} Nd1+ {[%emt 0:01:06]} 41. Ke2 {[%emt
0:16:49]} Ndc3+ {[%emt 0:00:34]} 42. Kd3 {[%emt 0:00:45]} Na4 {[%emt 0:20:58]}
43. Bh3 {[%emt 0:04:12]} Nd4 {[%emt 0:04:29]} 44. Bd7 {[%emt 0:04:17]} b5
{[%emt 0:00:12]} 45. Nxd6 {[%emt 0:00:08]} Nb2+ {[%emt 0:00:56]} 46. Kd2 {[%emt
0:03:10]} Kf6 {[%emt 0:02:25]} 47. Nxb5 {[%emt 0:02:29]} Nc4+ {[%emt 0:00:14]}
48. Kd3 {[%emt 0:00:51]} Nxb5 {[%emt 0:00:27]} 49. Bxb5 {[%emt 0:00:18]} Nd6
{[%emt 0:01:01]} 50. Bc6 {[%emt 0:01:53]} Ke7 {[%emt 0:00:01]} 51. b5 {[%emt
0:00:20]} Nc8 {[%emt 0:00:06]} 52. Kc4 {[%emt 0:00:26]} Nd6+ {[%emt 0:00:23]}
53. Kb4 {[%emt 0:00:39]} Nxe4 {[%emt 0:00:28]} 54. b6 {[%emt 0:00:05]} Kd8
{[%emt 0:00:09]} 55. b7 {[%emt 0:00:05]} Kc7 {[%emt 0:00:06]} 56. Kb5 {[%emt
0:01:12]} Nd6+ {[%emt 0:01:48]} 57. Ka6 {[%emt 0:00:38]} Kb8 {[%emt 0:00:05]}
58. Kb6 {[%emt 0:00:38]} e4 {[%emt 0:00:11]} 59. Bb5 {[%emt 0:00:29]} Nxb5
{[%emt 0:00:56]} 60. Kxb5 {[%emt 0:00:14]} e3 {[%emt 0:00:23]} 61. d6 {[%emt
0:00:18]} Kxb7 {[%emt 0:00:10]} 62. Kc5 {[%emt 0:00:47]} e2 {[%emt 0:00:16]}
63. d7 {[%emt 0:00:06]} Kc7 {[%emt 0:00:05]} 64. d8=Q+ {[%emt 0:00:44]} Kxd8
{[%emt 0:00:06]} 0-1

[Event "DEM U16 2023"]
[Site "Willingen GER"]
[Date "2023.06.02"]
[Round "8"]
[White "Lübke, Florentin"]
[Black "Guo, Philipp Ziming"]
[Result "1-0"]
[Termination "normal"]
[Board "5"]
[WhiteElo "1988"]
[BlackElo "1941"]
[WhiteClock "00:33:38"]
[BlackClock "00:58:53"]
[PlyCount "131"]
[WhiteFideId "16281799"]
[BlackFideId "16245199"]
[EventCountry "GER"]
[EventRounds "9"]
[EventType "swiss"]
[EventDate "2023.05.27"]

1. e4 {[%emt 0:00:02]} c5 {[%emt 0:00:11]} 2. Nf3 {[%emt 0:00:05]} d6 {[%emt
0:00:13]} 3. d4 {[%emt 0:00:05]} cxd4 {[%emt 0:00:06]} 4. Nxd4 {[%emt 0:00:05]}
Nf6 {[%emt 0:00:06]} 5. Nc3 {[%emt 0:00:05]} a6 {[%emt 0:00:08]} 6. Be3 {[%emt
0:00:09]} e5 {[%emt 0:00:12]} 7. Nb3 {[%emt 0:00:08]} Be7 {[%emt 0:00:22]} 8.
f3 {[%emt 0:00:17]} Be6 {[%emt 0:00:12]} 9. Qd2 {[%emt 0:00:07]} O-O {[%emt
0:00:15]} 10. O-O-O {[%emt 0:00:22]} Nbd7 {[%emt 0:00:07]} 11. g4 {[%emt
0:00:11]} b5 {[%emt 0:00:12]} 12. Rg1 {[%emt 0:00:54]} Nb6 {[%emt 0:01:06]} 13.
Na5 {[%emt 0:02:37]} Qc7 {[%emt 0:03:20]} 14. g5 {[%emt 0:01:24]} Nh5 {[%emt
0:01:31]} 15. Nd5 {[%emt 0:00:39]} Nxd5 {[%emt 0:00:08]} 16. exd5 {[%emt
0:00:06]} Bf5 {[%emt 0:00:12]} 17. Nc6 {[%emt 0:04:04]} f6 {[%emt 0:00:25]} 18.
h4 {[%emt 0:17:48]} fxg5 {[%emt 0:07:35]} 19. Bxg5 {[%emt 0:01:17]} Bxg5 {[%emt
0:04:35]} 20. Qxg5 {[%emt 0:03:26]} Qf7 {[%emt 0:00:51]} 21. Qe7 {[%emt
0:33:27]} Qxe7 {[%emt 0:19:09]} 22. Nxe7+ {[%emt 0:00:32]} Kh8 {[%emt 0:00:07]}
23. Rg5 {[%emt 0:00:29]} g6 {[%emt 0:00:35]} 24. Nxf5 {[%emt 0:00:17]} Rxf5
{[%emt 0:00:07]} 25. Rxf5 {[%emt 0:01:00]} gxf5 {[%emt 0:02:06]} 26. Bd3 {[%emt
0:06:40]} Rf8 {[%emt 0:07:16]} 27. a4 {[%emt 0:06:17]} bxa4 {[%emt 0:03:15]}
28. Bxa6 {[%emt 0:00:10]} Nf4 {[%emt 0:06:07]} 29. Bb5 {[%emt 0:05:24]} Ra8
{[%emt 0:00:22]} 30. Kb1 {[%emt 0:01:43]} Ra5 {[%emt 0:02:37]} 31. Bc6 {[%emt
0:05:01]} Ng2 {[%emt 0:10:36]} 32. h5 {[%emt 0:02:21]} Ne3 {[%emt 0:10:06]} 33.
Rd3 {[%emt 0:01:54]} Nc4 {[%emt 0:00:18]} 34. b4 {[%emt 0:02:28]} axb3 {[%emt
0:00:26]} 35. cxb3 {[%emt 0:00:43]} e4 {[%emt 0:05:07]} 36. fxe4 {[%emt
0:00:57]} fxe4 {[%emt 0:00:04]} 37. Rd4 {[%emt 0:00:31]} Nb6 {[%emt 0:03:45]}
38. h6 {[%emt 0:04:33]} Kg8 {[%emt 0:00:40]} 39. b4 {[%emt 0:04:45]} Ra3 {[%emt
0:00:17]} 40. Rxe4 {[%emt 0:00:42]} Rd3 {[%emt 0:02:18]} 41. Kc2 {[%emt
0:00:22]} Rh3 {[%emt 0:00:50]} 42. Re6 {[%emt 0:01:06]} Rh2+ {[%emt 0:05:28]}
43. Kd3 {[%emt 0:01:35]} Rh3+ {[%emt 0:00:10]} 44. Ke2 {[%emt 0:01:49]} Rh4
{[%emt 0:09:46]} 45. b5 {[%emt 0:01:39]} Nc4 {[%emt 0:01:17]} 46. Kf3 {[%emt
0:04:20]} Kf7 {[%emt 0:02:34]} 47. Kg3 {[%emt 0:00:49]} Rh1 {[%emt 0:00:41]}
48. Kf4 {[%emt 0:06:31]} Rh2 {[%emt 0:03:57]} 49. Kg4 {[%emt 0:00:53]} Rh1
{[%emt 0:00:18]} 50. Be8+ {[%emt 0:01:21]} Kf8 {[%emt 0:00:58]} 51. Bh5 {[%emt
0:02:01]} Ne5+ {[%emt 0:00:59]} 52. Kg5 {[%emt 0:00:14]} Nf7+ {[%emt 0:05:08]}
53. Bxf7 {[%emt 0:00:25]} Kxf7 {[%emt 0:01:32]} 54. Rxd6 {[%emt 0:00:18]} Rd1
{[%emt 0:01:30]} 55. Kf5 {[%emt 0:01:28]} Ke7 {[%emt 0:02:42]} 56. Re6+ {[%emt
0:00:07]} Kd7 {[%emt 0:00:08]} 57. Ke5 {[%emt 0:00:17]} Re1+ {[%emt 0:01:17]}
58. Kd4 {[%emt 0:00:52]} Rd1+ {[%emt 0:00:26]} 59. Kc4 {[%emt 0:00:15]} Rc1+
{[%emt 0:00:16]} 60. Kb4 {[%emt 0:00:11]} Rb1+ {[%emt 0:00:47]} 61. Kc5 {[%emt
0:00:13]} Rc1+ {[%emt 0:00:12]} 62. Kb6 {[%emt 0:00:21]} Rd1 {[%emt 0:00:26]}
63. Rc6 {[%emt 0:00:28]} Rxd5 {[%emt 0:01:03]} 64. Rc7+ {[%emt 0:00:20]} Kd8
{[%emt 0:00:05]} 65. Rxh7 {[%emt 0:00:13]} Rd6+ {[%emt 0:00:56]} 66. Ka7 {[%emt
0:00:19]} 1-0

[Event "DEM U16 2023"]
[Site "Willingen GER"]
[Date "2023.06.02"]
[Round "8"]
[White "Prieb, Robert"]
[Black "Lebzak, Jaroslav"]
[Result "0-1"]
[Termination "normal"]
[Board "6"]
[WhiteTitle "CM"]
[WhiteElo "2113"]
[BlackElo "2138"]
[WhiteClock "00:33:59"]
[BlackClock "00:58:11"]
[PlyCount "150"]
[WhiteFideId "16212002"]
[BlackFideId "44105851"]
[EventCountry "GER"]
[EventRounds "9"]
[EventType "swiss"]
[EventDate "2023.05.27"]

1. d4 {[%emt 0:00:01]} d5 {[%emt 0:00:05]} 2. c4 {[%emt 0:00:13]} c6 {[%emt
0:00:04]} 3. Nf3 {[%emt 0:00:17]} e6 {[%emt 0:00:14]} 4. Qc2 {[%emt 0:00:27]}
Nf6 {[%emt 0:00:15]} 5. g3 {[%emt 0:00:17]} dxc4 {[%emt 0:00:44]} 6. Qxc4
{[%emt 0:00:13]} b5 {[%emt 0:00:13]} 7. Qc2 {[%emt 0:00:31]} Bb7 {[%emt
0:00:06]} 8. Bg2 {[%emt 0:00:46]} Nbd7 {[%emt 0:03:42]} 9. O-O {[%emt 0:00:46]}
c5 {[%emt 0:00:17]} 10. Bg5 {[%emt 0:05:00]} Qb6 {[%emt 0:00:40]} 11. dxc5
{[%emt 0:06:54]} Bxc5 {[%emt 0:00:14]} 12. Nbd2 {[%emt 0:02:16]} Rc8 {[%emt
0:00:33]} 13. Qd1 {[%emt 0:20:01]} O-O {[%emt 0:00:21]} 14. Nb3 {[%emt
0:02:41]} Rfd8 {[%emt 0:03:56]} 15. Nxc5 {[%emt 0:02:36]} Nxc5 {[%emt 0:04:53]}
16. Qe1 {[%emt 0:01:40]} b4 {[%emt 0:00:48]} 17. Rd1 {[%emt 0:02:32]} Bd5
{[%emt 0:00:31]} 18. Ne5 {[%emt 0:06:54]} Bxg2 {[%emt 0:15:13]} 19. Kxg2 {[%emt
0:00:46]} Nce4 {[%emt 0:02:21]} 20. Bxf6 {[%emt 0:01:47]} Nxf6 {[%emt 0:00:32]}
21. Nd3 {[%emt 0:01:59]} Rd4 {[%emt 0:07:14]} 22. Rc1 {[%emt 0:08:48]} Rcd8
{[%emt 0:09:48]} 23. Rc2 {[%emt 0:01:27]} h5 {[%emt 0:05:38]} 24. h4 {[%emt
0:08:16]} Ng4 {[%emt 0:00:34]} 25. Qc1 {[%emt 0:02:19]} Qb7+ {[%emt 0:05:33]}
26. Kg1 {[%emt 0:01:32]} Qe4 {[%emt 0:09:00]} 27. f3 {[%emt 0:05:48]} Qg6
{[%emt 0:05:19]} 28. Kg2 {[%emt 0:03:04]} Nh6 {[%emt 0:06:43]} 29. Qg5 {[%emt
0:02:11]} Qxg5 {[%emt 0:02:47]} 30. hxg5 {[%emt 0:00:08]} Nf5 {[%emt 0:00:04]}
31. Kf2 {[%emt 0:00:29]} h4 {[%emt 0:01:15]} 32. g4 {[%emt 0:00:50]} Ng3 {[%emt
0:00:45]} 33. Rfc1 {[%emt 0:02:47]} Nxe2 {[%emt 0:00:49]} 34. Kxe2 {[%emt
0:00:02]} Rxd3 {[%emt 0:00:07]} 35. Rh1 {[%emt 0:01:41]} R3d5 {[%emt 0:00:38]}
36. f4 {[%emt 0:02:00]} Rd4 {[%emt 0:00:34]} 37. Ke3 {[%emt 0:00:16]} Rd3+
{[%emt 0:00:17]} 38. Ke2 {[%emt 0:00:07]} Rg3 {[%emt 0:00:53]} 39. Kf2 {[%emt
0:05:11]} Rxg4 {[%emt 0:00:16]} 40. Kf3 {[%emt 0:00:46]} Rg3+ {[%emt 0:00:46]}
41. Kf2 {[%emt 0:01:25]} Rgd3 {[%emt 0:00:11]} 42. Ke2 {[%emt 0:00:29]} h3
{[%emt 0:00:32]} 43. Rc8 {[%emt 0:01:13]} Rxc8 {[%emt 0:01:03]} 44. Kxd3 {[%emt
0:00:08]} Rd8+ {[%emt 0:00:01]} 45. Ke3 {[%emt 0:01:13]} Kh7 {[%emt 0:00:32]}
46. Rxh3+ {[%emt 0:00:56]} Kg6 {[%emt 0:00:13]} 47. Rh2 {[%emt 0:01:26]} Rc8
{[%emt 0:02:14]} 48. Rd2 {[%emt 0:01:41]} Rc7 {[%emt 0:00:24]} 49. Ke4 {[%emt
0:03:01]} a5 {[%emt 0:01:44]} 50. b3 {[%emt 0:01:35]} Rc1 {[%emt 0:01:14]} 51.
Re2 {[%emt 0:01:38]} Rc3 {[%emt 0:01:09]} 52. Kd4 {[%emt 0:02:29]} Kf5 {[%emt
0:01:48]} 53. Re5+ {[%emt 0:00:43]} Kxf4 {[%emt 0:00:17]} 54. Rxa5 {[%emt
0:00:09]} Rc7 {[%emt 0:04:07]} 55. Rb5 {[%emt 0:01:19]} e5+ {[%emt 0:00:33]}
56. Kd5 {[%emt 0:01:41]} Rd7+ {[%emt 0:13:03]} 57. Kc5 {[%emt 0:01:31]} e4
{[%emt 0:00:56]} 58. Rxb4 {[%emt 0:01:50]} Kf3 {[%emt 0:01:28]} 59. a4 {[%emt
0:01:16]} e3 {[%emt 0:00:23]} 60. Kc6 {[%emt 0:04:27]} e2 {[%emt 0:01:31]} 61.
Kxd7 {[%emt 0:00:27]} e1=Q {[%emt 0:00:08]} 62. Rb5 {[%emt 0:00:25]} Qe6+
{[%emt 0:01:53]} 63. Kc7 {[%emt 0:00:17]} Qa6 {[%emt 0:01:16]} 64. Rc5 {[%emt
0:02:11]} Ke4 {[%emt 0:00:35]} 65. a5 {[%emt 0:01:20]} f5 {[%emt 0:01:36]} 66.
gxf6 {[%emt 0:00:31]} gxf6 {[%emt 0:00:05]} 67. b4 {[%emt 0:00:39]} f5 {[%emt
0:00:33]} 68. Rc6 {[%emt 0:00:32]} Qa7+ {[%emt 0:00:23]} 69. Kc8 {[%emt
0:00:17]} f4 {[%emt 0:00:47]} 70. a6 {[%emt 0:01:10]} f3 {[%emt 0:00:26]} 71.
b5 {[%emt 0:00:53]} f2 {[%emt 0:00:38]} 72. Rc1 {[%emt 0:00:44]} Kf3 {[%emt
0:00:39]} 73. Rc3+ {[%emt 0:00:40]} Kg2 {[%emt 0:00:11]} 74. Rc2 {[%emt
0:00:20]} Kg1 {[%emt 0:00:16]} 75. Rxf2 {[%emt 0:00:14]} Kxf2 {[%emt 0:00:10]}
0-1